[Event "ROM-ch U10 Girls"]
[Site "Calimanesti"]
[Date "2018.04.01"]
[Round "7"]
[White "Lungu, Stefania"]
[Black "Gheorghe, Raisa Maria"]
[Result "1-0"]
[WhiteElo "1120"]
[BlackElo "1001"]
[PlyCount "37"]
[EventDate "2018.03.27"]
[EventType "swiss"]
[EventRounds "9"]
[EventCountry "ROU"]
[SourceTitle "CBM 183 Extra"]
[Source "ChessBase"]
[SourceDate "2018.04.19"]
[SourceVersion "1"]
[SourceVersionDate "2018.04.19"]
[SourceQuality "1"]

1. d4 d5 2. c4 dxc4 3. e3 Nf6 4. Bxc4 e6 5. Nc3 Bb4 6. Nf3 0-0 7. 0-0 Bxc3 8. bxc3 b6 9. e4 Nxe4 10. Qc2 Nd6 11. Ng5 g6 12. Re1 Nxc4 13. Qe4 c6 14. d5 cxd5 15. Qh4 Kg7 16. Qxh7+ Kf6 17. Qh4 Qd6 18. Ne4+ Ke5 19. Qg5+ 1-0

[Event "ROM-ch U10 Girls"]
[Site "Calimanesti"]
[Date "2018.03.28"]
[Round "2"]
[White "Gheorghe, Raisa Maria"]
[Black "Neagoe, Ana Paisia"]
[Result "0-1"]
[WhiteElo "1001"]
[BlackElo "1098"]
[PlyCount "94"]
[EventDate "2018.03.27"]
[EventType "swiss"]
[EventRounds "9"]
[EventCountry "ROU"]
[SourceTitle "CBM 183 Extra"]
[Source "ChessBase"]
[SourceDate "2018.04.19"]
[SourceVersion "1"]
[SourceVersionDate "2018.04.19"]
[SourceQuality "1"]

1. e4 e5 2. Nf3 Nc6 3. Bc4 Nf6 4. d3 h6 5. Nc3 Bc5 6. 0-0 d6 7. h3 Be6 8. Bb3 0-0 9. Be3 Bb6 10. Qd2 Ne7 11. Ne2 Ng6 12. Nh2 Qe7 13. Bxb6 axb6 14. f4 exf4 15. Nxf4 Nxf4 16. Qxf4 Bxb3 17. axb3 d5 18. Rxa8 Rxa8 19. e5 Nh5 20. Qg4 Qxe5 21. Rf5 Ra1+ 22. Nf1 Qe3+ 23. Kh2 Qe6 24. Nd2 g6 25. Rf1 Qxg4 26. hxg4 Rxf1 27. Nxf1 Nf6 28. Ne3 d4 29. Nc4 Nxg4+ 30. Kg3 Ne3 31. Nxe3 dxe3 32. Kf3 f5 33. g3 Kf7 34. Kxe3 Ke6 35. Kf4 g5+ 36. Kf3 h5 37. Kg2 Ke5 38. c3 c5 39. c4 f4 40. gxf4+ Kxf4 41. Kf2 g4 42. Kg2 h4 43. Kf2 h3 44. Kg1 g3 45. b4 g2 46. bxc5 Kg3 47. cxb6 h2# 0-1